Premier League Appearances by Nationality: South Africa - Statistics

General Stats
  • This quiz has been taken 10 times
  • The average score is 3 of 10
Answer Stats
Appearances Player % Correct
214 Steven Pienaar
100%
120 Benni McCarthy
75%
25 Lyle Foster
38%
197 Lucas Radebe
25%
82 Quinton Fortune
25%
124 Aaron Mokoena
13%
25 Eric Tinkler
13%
39 Kagisho Dikgacoi
13%
124 Mark Fish
13%
123 Shaun Bartlett
13%
No matching quizzes found
Score Distribution
Percent of People with Each Score
Percentile by Number Answered
Your Score History
You have not taken this quiz